logo

Bir Sreshtho Munshi Abdur Rouf Library
Jhenaidah Cadet College

এক পুলিশের ডায়েরি / (Record no. 12855)

MARC details
000 -LEADER
fixed length control field 00742nam a2200229 a 4500
001 - CONTROL NUMBER
JCCL Control Number 12855
003 - CONTROL NUMBER IDENTIFIER
JCCL marc code BD-JhCC
005 - DATE AND TIME OF LATEST TRANSACTION
control field 20230520175901.0
008 - FIXED-LENGTH DATA ELEMENTS--GENERAL INFORMATION
fixed length control field 230520s20212016b |||| |||| 001 0 b d
020 ## - INTERNATIONAL STANDARD BOOK NUMBER
International Standard Book Number 98497848565353
035 ## - SYSTEM CONTROL NUMBER
system control number (BD-JhCC)12855
040 ## - CATALOGING SOURCE
Original cataloging agency BD-JhCC
Modifying agency BD-JhCC
041 ## - LANGUAGE CODE
Language code of Book Ben
082 ## - DEWEY DECIMAL CLASSIFICATION NUMBER
Classification number 363.2095492
Author mark and Year SOF 2021
100 ## - MAIN ENTRY--PERSONAL NAME
Personal name সফিক উল্লাহ
245 ## - TITLE STATEMENT
Title এক পুলিশের ডায়েরি /
Statement of responsibility, etc সফিক উল্লাহ
260 ## - PUBLICATION, DISTRIBUTION, ETC. (IMPRINT)
Place of publication, distribution, etc ঢাকা :
Name of publisher, distributor, etc বইচিত্র,
Date of publication, distribution, etc ২০২১
300 ## - PHYSICAL DESCRIPTION
Pagination ৩৫২ পৃ. :
Dimensions ২১ সেমি.
504 ## - BIBLIOGRAPHY, ETC. NOTE
Bibliography, etc নির্ঘন্ট অর্ন্তভূক্ত।
650 ## - SUBJECT ADDED ENTRY--TOPICAL TERM
Topical term or geographic name as entry element Police
Geographic subdivision Bangladesh
942 ## - ADDED ENTRY ELEMENTS (KOHA)
Source of classification or shelving scheme Dewey Decimal Classification
Koha item type Books
Holdings
Source of classification or shelving scheme Damaged status Not for loan Home library Current library Shelving location Date of accession Source of acquisition Cost, normal purchase price Total Checkouts Full call number Barcode Date last seen Copy number Method of acquisition Koha item type Currency
Dewey Decimal Classification     JCC Rouf Library JCC Rouf Library Fiction 05/20/2023 Major General Md. Shafeenul Islam.ndc,psc 400.00   363.2095492 SOF 2021 17614 05/20/2023 C-1 Purchase Books BDT

JCC Library | Contacts | JCC Home

Last Update on 23 September 2017
Copyright @ 2017-2020 JCC Rouf Library
Rouf Library, Jhenidah Cadet College (JCC), Bangladesh